The nature of remembering: essays in honor of Robert G Crowder
Saved in:
| Main Authors: | , , , |
|---|---|
| 格式: | 图书 |
| 语言: | 英语 |
| 出版: |
Washington, D.C
American Psichological Association
2001
|
| 主题: | |
| 标签: |
添加标签
没有标签, 成为第一个标记此记录!
|
MARC
| LEADER | 00000nam a2200000 a 4500 | ||
|---|---|---|---|
| 001 | UCN6088 | ||
| 003 | CL-VaPUC | ||
| 005 | 20220315074419.0 | ||
| 008 | 010913e20010000us 1 eng d | ||
| 082 | 0 | 4 | |a 153.12 |b ROE |2 21 |
| 100 | 1 | |a Roediger, Henry L |e author |9 619975 | |
| 700 | 1 | |a Nairne, James S |e author |9 619976 | |
| 700 | 1 | |a Neath, Ian |e author |9 619977 | |
| 700 | 1 | |a Surprenant, Aimée M |e author |9 619978 | |
| 245 | 1 | 4 | |a The nature of remembering: essays in honor of Robert G Crowder |
| 260 | |a Washington, D.C |b American Psichological Association |c 2001 | ||
| 300 | |a 395 p | ||
| 583 | |a last modification |c 20190821 11:38:53 |k Rodrigo Vera | ||
| 600 | 1 | 7 | |a CROWDER, ROBERT G |2 CL-VaPUC |9 619979 |
| 650 | 0 | 7 | |a MEMORIAS |2 CL-VaPUC |9 269159 |
| 650 | 0 | 0 | |a Psicología |9 257863 |
| 650 | 0 | 0 | |a Congresos |9 257560 |
| 942 | |c BK | ||
| 945 | |a crobeson |d 20010913 00:00:00 | ||
| 546 | |a En Inglés | ||
| 536 | |a Yale University | ||
| 518 | |p The Nature of Remembering, 1, New Heaven, 11 al 12 de junio de 1999 | ||
| 999 | |c 383693 |d 383691 | ||
| 952 | |0 0 |1 0 |4 0 |6 153_120000000000000_ROE_2001 |7 0 |8 A |9 505904 |a FDOPOS |b FDOPOS |d 2020-01-23 |i 3750825 |o 153.12 ROE 2001 |p 3750825 |r 2025-01-22 |w 2020-01-23 |y BK |k MLA | ||